Statistics for Countries That Use The Euro

Click here to take the quiz!

General Stats

  • This quiz has been taken 34 times
  • The average score is 24 of 26

Answer Stats

Country% Correct
Andorra
100%
Austria
100%
Belgium
100%
France
100%
Ireland
100%
Luxembourg
100%
Netherlands
100%
Slovenia
100%
Finland
97%
Germany
97%
Greece
97%
Italy
97%
Latvia
97%
Portugal
97%
San Marino
97%
Slovakia
97%
Spain
97%
Vatican City
97%
Estonia
90%
Lithuania
90%
Malta
90%
Monaco
90%
Kosovo
86%
Cyprus
83%
Montenegro
76%
Zimbabwe
28%

Score Distribution

Percentile by Number Answered

Percent of People with Each Score

Your Score History

You have not taken this quiz